000 00249nam a22001097a 4500
008 170112b xxu||||| |||| 00| 0 eng d
020 _a9781582550060
041 _aeng
080 _a618.2
245 _aNURSE PRACTITIONER'S
_cBUKEY, D
942 _2udc
_cBK
999 _c2838
_d2838